Регионална библиотека "Любен Каравелов" - Русе

Робинзон Крузо (Запис номер 156446)

MARC детайли
000 -Лидер
Контролно поле с фиксирана дължина 01651nam a2200337 a 4500
003 - Код на организацията, давaща контролен номер
Контролно поле BLK
005 - Дата и час на последна редакция
Контролно поле 20240715175602.0
008 - Елементи от данни с фиксирана дължина
fixed length control field 180410b bul|||||r ||||||| ||bul||
010 ## - Наследен системен номер
LC control number KNG00163286000
040 ## - Източник на каталожния запис
Идентификатор на билиотеката - собственик на записа BLK
041 ## - Код за език
Код за езика на текст/звукозапис или на отделно заглавие Български
Код за езика КДБФ Български
080 ## - УДК
Текстов определител УДК Английска литература
УДК код - определител по УДК 821.111
УДК определител -31
УДК - код + определител 821.111-31
100 1# - Редна дума - Автор
Автор Дефо, Даниел
Авторска отговорност първи автор
R(LIN) 371409
139 ## - Редно поле
Редна дума Дефо, Даниел
Авторски знак Деф - Д 46
245 10 - Сведения за заглавието
Заглавие Робинзон Крузо
Подзаглавни данни Роман за юноши
Редно поле (дума) Даниел Дефо; преразк. Корней Иванович Чуковски; прев. от рус. Георги Жечев; худож. на кор. Александър Гаврилов Денков.
257 ## - Страна на издаване
Страна на създаване/издаване Великобритания
260 ## - Област на издателските данни
Място на издаване, разпространение и проч. София
Име на издателя, разпространителя и проч. Нар. младеж
Година на издаване 1954
300 ## - Физическа характеристика
Страници 236 с.
Илюстрации и др. с ил.
Размери/Мащаб 21 см
380 ## - Жанр
Жанр Худож. лит.
500 ## - Общи забележки
Забележка Прев. от рус. изд. Жизнь и удивительные приключения морехода Робинзона Крузо / Даниэл Дефо
700 ## - Други автори (авторска отговорност)
Лично име Чуковски, Корней Иванович
Дати, свързани с автора 1882 - 1969
Пълна форма на името Корнейчуков, Николай Василиевич
9 (RLIN) 364999
700 1# - Други автори (авторска отговорност)
Лично име Жечев, Георги
Автороска отговорност (Описва отношението между автора и произведението) прев. от рус.
Друга информация Текелиев, Георги Жечев
9 (RLIN) 367732
700 1# - Други автори (авторска отговорност)
Лично име Денков, Александър Гаврилов
Автороска отговорност (Описва отношението между автора и произведението) худож. на кор.
9 (RLIN) 376146
852 ## - Местоположение
Форматна сигнатура Цб 171049
Фондова буква Хранилище
856 4# - Електронен адрес и достъп
Електронен формат pdf - файл
Инструкция (цена за достъп) 0.00
Права за достъп disable
856 4# - Електронен адрес и достъп
Електронен формат pdf - файл
Инструкция (цена за достъп) 0.00
Права за достъп disable
999 ## - СИСТЕМНИ КОНТРОЛНИ НОМЕРА
Koha biblionumber 156446
Koha biblioitemnumber 156446
942 ## - АРТИКУЛИ
Вид на библиотечния материал Книги
Скрит в OPAC Не
Периодичен библиозапис Да
944 ## - СЪЗДАВАНЕ И РЕДАКЦИЯ на ЗАПИСА
Създаване/Редакция Създаване
Дата на регистрацията/редакция 18.07.2014
Служител, извършил регистрацията/редакцията 30560
Статус, дата на статуса Геновева Генчева
944 ## - СЪЗДАВАНЕ И РЕДАКЦИЯ на ЗАПИСА
Създаване/Редакция Редакция
Дата на регистрацията/редакция 21.07.2014
999 ## - СИСТЕМНИ КОНТРОЛНИ НОМЕРА
Koha biblioitemnumber 156446
Наличности
Код за отписване Код за изгубен артикул Източник на класификационната схема Код за повреда Коз за рестрикции Код за отдаване Артикулен № Име на библиотеката - собственик Име на библиотеката, в която се намира в момента Статус (Текущо местоположение) Дата на вписване в системата Местоположение - отдел Цена в лева Инвентарен номер Систематично азбучна сигнатура Баркод Номер на екземпляра Цена в евро Служебна бележка Служебен тип на артикула
  Не е изгубен Universal Decimal Classification Не е повреден без рестрикции ползва се в читалня 262173 Регионална библиотека "Любен Каравелов" Русе Регионална библиотека "Любен Каравелов" Русе Хранилище 1954-01-01 Основен фонд - ползва се само за читалня 0.90 6718/54 Цб 171049 900000104812 1 0.46 Дост: Pk Вид: Ф N: стар фонд Дата: 01.01.1954 Книги
Vip Innovations Ltd, Rousse, Bulgaria 2025